Kamus Melayu global
| Format: | Book |
|---|---|
| Published: |
Kuala Lumpur :
Anzagain Sdn.Bhd ,
2006
|
| Subjects: |
MARC
| LEADER | 00000cam a2200000 7i4500 | ||
|---|---|---|---|
| 001 | 0000103708 | ||
| 005 | 20100203.0 | ||
| 020 | |a 9830372057 | ||
| 090 | 0 | 0 | |a 499.2803 |b KAM |
| 245 | 1 | 0 | |a Kamus Melayu global |
| 260 | |a Kuala Lumpur : |b Anzagain Sdn.Bhd , |c 2006 | ||
| 300 | |a 1575p. ; |c 17cm. | ||
| 650 | 0 | 0 | |a Dictionaries, Malay |z Malaysia |
| 650 | 0 | 0 | |a Malay language |x Dictionaries |
| 999 | |a 00196581 |b BUKU |c RUJUKAN |e PERPUSTAKAAN KOMUNITI PETALING JAYA | ||